[Event "Porto Sant Elpidio op-A 5th"]
[Site "Porto Sant Elpidio"]
[Date "2002.11.09"]
[Round "4"]
[White "Tacconelli, Valentino"]
[Black "Gaoni, Vincenzo"]
[Result "1-0"]
[WhiteElo "1774"]
[BlackElo "1749"]
[PlyCount "91"]
[EventDate "2002.11.02"]
[EventType "swiss"]
[EventRounds "6"]
[EventCountry "ITA"]
[SourceTitle "EXT 2024"]
[Source "ChessBase"]
[SourceDate "2023.10.10"]
[SourceVersion "1"]
[SourceVersionDate "2023.10.10"]
[SourceQuality "1"]

1. e4 c5 2. Nf3 e6 3. d4 cxd4 4. Nxd4 Nf6 5. Nc3 Nc6 6. a3 Be7 7. Be2 0-0 8. Be3 d5 9. Nxc6 bxc6 10. exd5 exd5 11. 0-0 Bf5 12. Bd3 Qd7 13. Na4 Ng4 14. Bxf5 Qxf5 15. Bc5 Rfe8 16. Bxe7 Rxe7 17. Nc3 Rae8 18. Qd3 Qh5 19. Qg3 d4 20. Na2 Nf6 21. Nb4 Ne4 22. Qf4 c5 23. g4 Qg6 24. Nd3 Re6 25. f3 Rf6 26. Ne5 Rxf4 27. Nxg6 hxg6 28. fxe4 Rxg4+ 29. Kh1 Rgxe4 30. Rf2 Re2 31. Kg2 R8e4 32. Raf1 f5 33. Kf3 R4e3+ 34. Kg2 c4 35. Rd1 d3 36. cxd3 cxd3 37. Kf1 Kf7 38. Rb1 Ke6 39. b4 g5 40. a4 f4 41. b5 f3 42. Rxe2 fxe2+ 43. Ke1 Kd5 44. a5 Re6 45. b6 axb6 46. axb6 1-0